00558nam a2200217Ia 4500003000900000005001700009008004100026040001300067040001300080041000800093100001900101245008200120250002300202260002300225260000900248300001100257300001100268490003000279490000700309600002400316IT-RoPAU20220918175820.0120407s9999 xx 000 0 und d aIT-RoPAU cIT-RoPAU aita aDe Veer Gerrit aI tre viaggi per mare di Willem Barentsz. La ricerca del passaggio a nord-est aCinisello Balsamo  aSan Paolo Edizioni c1996 a280 p. c 22 cm a Il fascino dell’ignoto v14 a Rilegato + sovrac.